01008nam a2200277Ia 4500003000400000005001700004008004100021020001800062040001800080041000800098082001800106100003800124245008100162250001200243260005000255300003300305650004000338650003700378650003000415650002900445650004400474700002900518942002500547999001900572952013900591OSt20241113104109.0210716s2015 xx 000 0 und d a9788184873924 cAIMIT LIBRARY aeng a005.74 bBHAA aBhatia, Ashima Bhatnagar,9185096 aDatabase management system /cBy Ashima Bhatnagar Bhatia and Vaibhav Bansal. a1st ed. aNew Delhi :bNarosa Publishing House ,c2015. axiv,21.64,I5 p.;bPBc25 cm. aIntroduction to data models9185097 aData Processing concepts9185098 aFile organization9185099 aRelational Model9185100 aRelational algebra and Calculus9185101 aBansal, Vaibhav.9185102 2ddccBKk005.74 BHAA c195319d195319 001040708MCAaAIMITbAIMITeNarosa Book Distributorsg405.00l0o005.74 BHAApMCA14828r2026-05-23 00:00:00v303.75w2021-07-16yBK